00476 2200181 4500001002100000005001500021008004100036020001800077035001900095041000700114082000800121090001400129100001600143245003500159260003000194300003300224650003700257INLIS00000000000517220241224113042241224||||||||| | ||| |||| || |  a979-1213-01-1 0010-1224005172 aid0 a813 a813 JAN N0 aJanu Ismadi00aMisteri Penculikan Nikosantera bSINAR WADJA LESTARIc2007 a29x21 cm, ii,36 hlm.; ilus.: 0aCerita Anak -- Ilmu Kesusastraan